• 首页
  • 本馆介绍
  • 公告通知
  • 最新文献
  • 馆藏检索
  • 电子资源
  • 读者导购
  • 参考咨询
  • 我的图书馆
  • 登录
  • 详细信息显示
  • 放入我的书架
  • 预约/预借图书
  • 作者相关作品
  • 分类相关作品
  • 丛书相关作品
  • 出版社相关作品

书目信息

  • 表格格式
  • 工作单格式
  • 卡片格式
题名:
市场魔术师
    
 
作者: 张梁 主编
分册:  
出版信息: 北京   当代世界出版社  2000
页数: 21,380页
开本: 20cm
丛书名: 职业经理人实战手册
单 册:
中图分类: F713.50
科图分类:
主题词: 企业管理--销售管理 , 商业经济--国内
电子资源:
ISBN: 7-80115-348-0
000 01008oam2 2200289 45
001 0900000022727
005 20051009173101.64
010    @a7-80115-348-0@dCNY23.00,CNY69.00(全套)
092    @aCN
100    @a20050127d2000 ekmy0chiy0120 ea
101 0  @achi
102    @aCN@b110000
105    @ay z 000yy
200 1  @a市场魔术师@9shi chang mo shu shi@e营销突破的 21 模式@f张梁主编@Fzhang liang zhu bian
210    @a北京@c当代世界出版社@d2000
215    @a21,380页@d20cm
225 2  @a职业经理人实战手册@v3
330    @a本书选编大量的中外企业、大小企业、高科技企业、传统企业营销案例,通过对众所周知,或是锄头为人知的案例进行剖析,层层深入,发掘出企业营销的内幕,给企业家以启示。
461  0 @12001 @a职业经理人实战手册
517 1  @a营销突破的21模式@9ying xiao tu po de 21 mo shi
606 0  @a企业管理@x销售管理
606 0  @a商业经济@x国内
690    @aF713.50@v4
701  0 @a张梁@Azhang liang@4主编
801  0 @aCN@bTSSF@c20051009
905    @a10447@dF713.50@e107
999    @aAFJ@eJDD
    
    市场魔术师:营销突破的 21 模式/张梁主编.-北京:当代世界出版社,2000
    21,380页;20cm.-(职业经理人实战手册;3)
    
    
    ISBN 7-80115-348-0:CNY23.00,CNY69.00(全套)
    本书选编大量的中外企业、大小企业、高科技企业、传统企业营销案例,通过对众所周知,或是锄头为人知的案例进行剖析,层层深入,发掘出企业营销的内幕,给企业家以启示。
●
相关链接 在E读中查询图书 在五车中查询图书 在当当中查询图书 在豆瓣中查询图书


正题名:市场魔术师     索取号:F713.50/107         预约/预借

序号 登录号 条形码 馆藏地/架位号 状态 备注
1 0365038   3650383   第一样本阅览室/ [索取号:F713.50/107] 在馆    
2 0365039   3650392   密集书库/ [索取号:F713.50/107] 在馆    
3 0365040   3650409   密集书库/ [索取号:F713.50/107] 在馆    
4 0365041   3650418   第一借阅区/ [索取号:F713.50/107] 在馆    
5 0365042   3650427   第一借阅区/ [索取号:F713.50/107] 在馆    
6 0365043   3650436   密集书库/ [索取号:F713.50/107] 在馆    
7 0365044   3650445   第一借阅区/ [索取号:F713.50/107] 在馆    
8 0365045   3650454   第一借阅区/ [索取号:F713.50/107] 在馆    
9 0365046   3650463   密集书库/ [索取号:F713.50/107] 在馆    
10 0365047   3650472   密集书库/ [索取号:F713.50/107] 在馆    
唐山师范学院图书馆 欢迎您!
大连网信软件有限公司© 版权所有